Laser Printing Procedures - Statistics

General Stats
  • This quiz has been taken 2 times
  • The average score is 2 of 14
Answer Stats
Hint Answer % Correct
1. (Procedure) Cleaning
100%
1. (Device) Rubber Scraper/Cleaning Blade
50%
3. (Procedure) Charging
0%
3. (Device) Corona Wire
0%
5. (Device) Developer Roller
0%
5. (Procedure) Developing
0%
4. (Procedure) Exposing
0%
7. (Device) Fuser
0%
7. (Procedure) Fusing
0%
4. (Device) Laser Beam
0%
2. (Device) Print Drivers
0%
2. (Procedure) Processing
0%
6. (Procedure) Transfering
0%
6. (Device) Transfer Roller
0%
No matching quizzes found
Score Distribution
Percent of People with Each Score
Percentile by Number Answered
Your Score History
You have not taken this quiz